| 000 | 00535nam a22002057a 4500 | ||
|---|---|---|---|
| 005 | 20260406134808.0 | ||
| 008 | 260406b |||||||| |||| 00| 0 eng d | ||
| 037 | _cDSWL | ||
| 040 |
_aDSWL _cDSWL |
||
| 041 | _heng | ||
| 100 |
_aFortune, A E _91234135 |
||
| 245 | _aResearch in social work | ||
| 250 | _a3rd | ||
| 260 |
_aJaipur, _bRawat Publication, _c2017 |
||
| 300 | _a523p | ||
| 365 |
_aINR _b1795 |
||
| 700 |
_aW J Reid _91234136 |
||
| 942 |
_2CC _cTEXL _n0 |
||
| 999 |
_c1847989 _d1847989 |
||